[Event "Championnat de France - Accession"]
[Site "Chartres"]
[Date "2005.08.16"]
[Round "1.1"]
[White "Kesmaecker, Philippe"]
[Black "Chernuschevich, Alexei"]
[Result "0-1"]
[WhiteElo "2240"]
[BlackElo "2530"]
[PlyCount "114"]
[EventDate "2005.??.??"]

1. d4 Nf6 2. c4 e6 3. g3 Bb4+ 4. Bd2 Qe7 5. Bg2 Bxd2+ 6. Qxd2 d6 7. Nc3 e5 8.
d5 O-O 9. e3 Nbd7 10. Nge2 e4 11. Qc2 Nc5 12. O-O a5 13. b3 Bf5 14. h3 h5 15.
a3 Qe5 16. Rab1 Rfc8 17. b4 axb4 18. axb4 Ncd7 19. Nd4 Bg6 20. Ra1 Qe7 21. Rfd1
Kh8 22. Rxa8 Rxa8 23. Ncb5 Ne5 24. Ne2 Nd3 25. Qc3 Ra2 26. Rd2 Ra4 27. Nf4 Nxb4
28. Nxg6+ fxg6 29. Qb3 Ra1+ 30. Rd1 Rxd1+ 31. Qxd1 Nd3 32. Qa1 Kh7 33. Qd4 Nc5
34. Kh2 Nd3 35. Kg1 Qf7 36. f4 exf3 37. Qxd3 fxg2 38. Kxg2 Nd7 39. Qe4 Nc5 40.
Qf4 Qe7 41. h4 Nd3 42. Qd4 Ne5 43. Qe4 Qf6 44. Qf4 Qxf4 45. exf4 Nxc4 46. Nxc7
Kg8 47. Kf3 Kf7 48. Ke2 Nb6 49. Kd3 Nd7 50. Kd4 Nf6 51. Nb5 Ke7 52. Nc7 Ng4 53.
Ke4 Nh6 54. f5 Nxf5 55. Kf4 Nd4 56. Ke4 Kd7 57. Ne8 Nf5 0-1

[Event "Championnat de France - Accession"]
[Site "Chartres"]
[Date "2005.08.16"]
[Round "1.2"]
[White "Le Roux, Jean-Pierre"]
[Black "Ouakhir, Mehdi"]
[Result "1-0"]
[WhiteElo "2468"]
[BlackElo "2239"]
[PlyCount "43"]
[EventDate "2005.??.??"]

1. d4 d5 2. Nf3 Nf6 3. c4 c6 4. Nc3 e6 5. Bg5 dxc4 6. e4 b5 7. e5 h6 8. Bh4 g5
9. exf6 gxh4 10. Ne5 Qxf6 11. Be2 Nd7 12. Nxc6 Bb7 13. Bf3 a6 14. O-O Bg7 15.
g3 Bxc6 16. Bxc6 Rd8 17. Ne4 Qxd4 18. Qg4 f5 19. Qxh4 O-O 20. Rad1 Qxd1 21.
Rxd1 Ne5 22. Qxd8 1-0

[Event "Championnat de France - Accession"]
[Site "Chartres"]
[Date "2005.08.16"]
[Round "1.3"]
[White "Paci, Cedric"]
[Black "Prie, Eric"]
[Result "0-1"]
[WhiteElo "2238"]
[BlackElo "2464"]
[PlyCount "40"]
[EventDate "2005.??.??"]

1. e4 d5 2. exd5 Qxd5 3. Nc3 Qa5 4. d4 Nf6 5. Bd2 Bg4 6. f3 Bd7 7. Bc4 Qb6 8.
Nge2 e6 9. Be3 Nc6 10. Qd2 Nb4 11. Bb3 O-O-O 12. Ne4 Nbd5 13. Bf2 Nxe4 14. fxe4
Nf6 15. Ng3 h5 16. e5 Ng4 17. Bg1 Bc6 18. h3 Nxe5 19. dxe5 Rxd2 20. Bxb6 Rxg2
0-1

[Event "Championnat de France - Accession"]
[Site "Chartres"]
[Date "2005.08.16"]
[Round "1.4"]
[White "Lepelletier, Benoit"]
[Black "Vernay, Clovis"]
[Result "1-0"]
[WhiteElo "2459"]
[BlackElo "2238"]
[PlyCount "67"]
[EventDate "2005.??.??"]

1. e4 e6 2. d4 d5 3. Nd2 dxe4 4. Nxe4 Nd7 5. Nf3 Ngf6 6. Nxf6+ Nxf6 7. c3 Be7
8. Bd3 O-O 9. Qe2 b6 10. Be3 Bb7 11. O-O-O Qd5 12. Kb1 Qh5 13. h4 Bd6 14. Rdg1
Rfe8 15. Qc2 Ng4 16. Bc1 h6 17. Ne1 Nf6 18. f3 Qa5 19. b4 Qd5 20. g4 Qc6 21. b5
Qd7 22. c4 c5 23. g5 Nh5 24. gxh6 f5 25. Rg5 Qf7 26. Rhg1 Be7 27. Rxg7+ Nxg7
28. Rxg7+ Qxg7 29. hxg7 cxd4 30. Qe2 Bxh4 31. Ng2 Bf6 32. Nf4 Kf7 33. g8=Q+
Kxg8 34. Qg2+ 1-0

[Event "Championnat de France - Accession"]
[Site "Chartres"]
[Date "2005.08.16"]
[Round "1.5"]
[White "Karim, Ismael"]
[Black "Gozzoli, Yannick"]
[Result "1/2-1/2"]
[WhiteElo "2236"]
[BlackElo "2444"]
[PlyCount "52"]
[EventDate "2005.??.??"]

1. e4 c5 2. Nf3 d6 3. d4 cxd4 4. Nxd4 Nf6 5. Nc3 Bd7 6. Be2 Bc6 7. Nxc6 Nxc6 8.
O-O g6 9. Re1 Bg7 10. Bf1 O-O 11. Nd5 Nxd5 12. exd5 Ne5 13. Be3 Rc8 14. Bd4 a6
15. a4 a5 16. f4 Nd7 17. Bxg7 Kxg7 18. Qd4+ Kg8 19. Re3 Re8 20. Rae1 Qb6 21.
Qxb6 Nxb6 22. Rxe7 Rxe7 23. Rxe7 Nc4 24. Bxc4 Rxc4 25. Rxb7 Rc5 26. Kf2 Rxd5
1/2-1/2

[Event "Championnat de France - Accession"]
[Site "Chartres"]
[Date "2005.08.16"]
[Round "1.6"]
[White "Collas, Didier"]
[Black "Guidez, Yann-Michael"]
[Result "1-0"]
[WhiteElo "2425"]
[BlackElo "2235"]
[PlyCount "67"]
[EventDate "2005.??.??"]

1. e4 b6 2. d4 Bb7 3. Bd3 e6 4. Nf3 c5 5. c3 Nf6 6. Nbd2 Be7 7. O-O d5 8. e5
Nfd7 9. Re1 Nc6 10. a3 c4 11. Bc2 Na5 12. Nf1 h6 13. Ng3 g6 14. Be3 Qc7 15. Qd2
g5 16. Qd1 O-O-O 17. Nd2 Kb8 18. f4 f5 19. exf6 Bd6 20. fxg5 hxg5 21. Bxg5 e5
22. dxe5 Nxe5 23. Be3 Nd3 24. Bxd3 cxd3 25. Bd4 Nc4 26. b3 Qh7 27. Nf3 Nxa3 28.
Rxa3 Bxa3 29. b4 Rhe8 30. Rxe8 Rxe8 31. Qa4 b5 32. Qxa7+ Kc8 33. Qxa3 Qh6 34.
Qa1 1-0

[Event "Championnat de France - Accession"]
[Site "Chartres"]
[Date "2005.08.16"]
[Round "1.7"]
[White "Morelle, Ludovic"]
[Black "Libiszewski, Fabien"]
[Result "0-1"]
[WhiteElo "2232"]
[BlackElo "2413"]
[PlyCount "70"]
[EventDate "2005.??.??"]

1. c4 e5 2. Nf3 e4 3. Nd4 Nc6 4. Nxc6 dxc6 5. Nc3 Nf6 6. Qc2 Bf5 7. e3 Bd6 8.
h3 h5 9. b3 Qe7 10. Bb2 h4 11. d4 b6 12. c5 bxc5 13. Na4 O-O 14. dxc5 Be5 15.
O-O-O Nd5 16. Bxe5 Qxe5 17. Bc4 Nb4 18. Qb2 Qe7 19. Rd4 Rab8 20. Qd2 Qg5 21.
Rd1 a5 22. Bf1 Be6 23. Rxe4 Qf6 24. Rd4 Nxa2+ 25. Qxa2 Bxb3 26. Qd2 Bxd1 27.
Kxd1 Rb1+ 28. Ke2 Rfb8 29. f3 R8b4 30. Rd8+ Kh7 31. Qc2+ g6 32. Rd4 Rxd4 33.
exd4 Qe6+ 34. Qe4 Qa2+ 35. Kd3 Rd1+ 0-1

[Event "Championnat de France - Accession"]
[Site "Chartres"]
[Date "2005.08.16"]
[Round "1.8"]
[White "Gharamian, Tigran"]
[Black "Robin, Samy"]
[Result "1-0"]
[WhiteElo "2412"]
[BlackElo "2231"]
[PlyCount "69"]
[EventDate "2005.??.??"]

1. e4 e5 2. Nf3 Nc6 3. Bb5 a6 4. Bxc6 dxc6 5. O-O Bg4 6. h3 h5 7. d3 Qf6 8.
Nbd2 Bd6 9. d4 Ne7 10. dxe5 Bxe5 11. Nc4 Rd8 12. Qe2 Ng6 13. Ncxe5 Nxe5 14.
hxg4 hxg4 15. Ng5 Qh6 16. f4 Nf3+ 17. gxf3 Qh1+ 18. Kf2 g3+ 19. Ke3 g2 20. Bd2
gxf1=N+ 21. Rxf1 Qh6 22. Bc3 Qd6 23. Qc4 Rd7 24. Qd4 Qxd4+ 25. Bxd4 Rh2 26.
Bxg7 Rdd2 27. f5 Rdg2 28. Kf4 Rxc2 29. Rd1 c5 30. Rd5 Rhg2 31. Bf6 Rcd2 32.
Rxc5 Kd7 33. Nxf7 b6 34. Re5 c5 35. Re6 1-0

[Event "Championnat de France - Accession"]
[Site "Chartres"]
[Date "2005.08.16"]
[Round "1.9"]
[White "Le Corre, Benjamin"]
[Black "Philippe, Christophe"]
[Result "0-1"]
[WhiteElo "2229"]
[BlackElo "2411"]
[PlyCount "82"]
[EventDate "2005.??.??"]

1. e4 d5 2. exd5 Nf6 3. Bb5+ Nbd7 4. c4 a6 5. Ba4 b5 6. cxb5 Nxd5 7. Nc3 Bb7 8.
Nxd5 Bxd5 9. Nf3 e6 10. O-O Bd6 11. d4 O-O 12. bxa6 Rxa6 13. Bc2 Qa8 14. Qd3 g6
15. Bd2 Rxa2 16. Rxa2 Qxa2 17. Rb1 Rb8 18. Bc3 Nf6 19. Nd2 Bf4 20. b4 Qa8 21.
f3 Qc6 22. Ne4 Nxe4 23. fxe4 Bxe4 24. Qxe4 Qxc3 25. Qxf4 Qxc2 26. Rc1 Qe2 27.
Qxc7 Rxb4 28. Rf1 Qe3+ 29. Kh1 Qf2 30. Ra1 Qxd4 31. Rf1 Qg7 32. h3 Qf8 33. Qe5
Rb8 34. Rf4 Rd8 35. h4 Qe7 36. Rc4 h5 37. Rf4 Qb7 38. Qf6 Rd2 39. Qg5 Rd1+ 40.
Kh2 Qc7 41. Qg3 Qc1 0-1

[Event "Championnat de France - Accession"]
[Site "Chartres"]
[Date "2005.08.16"]
[Round "1.10"]
[White "Olivier, Jean-Christophe"]
[Black "Alanic, Mickael"]
[Result "1/2-1/2"]
[WhiteElo "2373"]
[BlackElo "2228"]
[PlyCount "124"]
[EventDate "2005.??.??"]

1. e4 c6 2. d4 d5 3. Nc3 dxe4 4. Nxe4 Nd7 5. Nf3 Ngf6 6. Ng3 e6 7. Be2 Qc7 8.
O-O Bd6 9. Nd2 b5 10. Bf3 Bb7 11. Nde4 Nxe4 12. Bxe4 Nf6 13. Bf3 Rd8 14. Qe2 h6
15. a4 O-O 16. axb5 cxb5 17. Qxb5 Bxf3 18. gxf3 Qxc2 19. Rxa7 Bxg3 20. hxg3
Rxd4 21. Be3 Rd5 22. Qb4 Qf5 23. Kg2 Rb5 24. Qd2 Nd5 25. Rc1 Rd8 26. Qe2 Nxe3+
27. Qxe3 Rxb2 28. Rc5 Qf6 29. Rcc7 Rf8 30. f4 Rb5 31. Rcb7 Rf5 32. Qa3 Qd8 33.
Rd7 Qc8 34. Rdc7 Qb8 35. Rcb7 Qe8 36. Qa4 Qxa4 37. Rxa4 Rd8 38. Rb2 Rfd5 39.
Raa2 Rd4 40. Ra5 R4d5 41. Ra7 R8d7 42. Rbb7 Rxb7 43. Rxb7 g6 44. Kf3 Kg7 45.
Ra7 Rb5 46. Rc7 Rb3+ 47. Kg2 h5 48. Ra7 Rb5 49. Rc7 Rf5 50. Ra7 h4 51. Ra4 Rh5
52. Ra7 g5 53. gxh4 gxh4 54. Kh3 Kg6 55. Ra6 Rh8 56. Ra5 f6 57. Rb5 Rh5 58. Rb4
Kf5 59. Ra4 Rh7 60. f3 e5 61. fxe5 fxe5 62. Re4 Rh8 1/2-1/2

[Event "Championnat de France - Accession"]
[Site "Chartres"]
[Date "2005.??.??"]
[Round "1.11"]
[White "Amoyal, Pierre"]
[Black "Picard, Romain"]
[Result "0-1"]
[WhiteElo "2219"]
[BlackElo "2369"]
[PlyCount "60"]
[EventDate "2005.??.??"]

1. d4 Nf6 2. c4 g6 3. Nc3 d5 4. Nf3 Bg7 5. Bg5 Ne4 6. cxd5 Nxg5 7. Nxg5 c6 8.
Nf3 cxd5 9. e3 O-O 10. Be2 Nc6 11. O-O e6 12. Rc1 Bd7 13. a3 Na5 14. Nd2 Rc8
15. f4 Qe7 16. Qe1 Rc6 17. b4 Nc4 18. Nxc4 dxc4 19. Bf3 Rc7 20. Qg3 Bc6 21.
Rfd1 Rd8 22. Rb1 a5 23. Be2 axb4 24. axb4 b5 25. Bf3 Be8 26. h4 h5 27. Ne4 Ra7
28. Qe1 Bc6 29. Nf6+ Bxf6 30. Bxc6 Rc8 0-1

[Event "Championnat de France - Accession"]
[Site "Chartres"]
[Date "2005.??.??"]
[Round "1.12"]
[White "Colin, Vincent"]
[Black "Deleva, Mickael"]
[Result "1-0"]
[WhiteElo "2368"]
[BlackElo "2219"]
[PlyCount "67"]
[EventDate "2005.??.??"]

1. c4 c6 2. e4 d5 3. exd5 cxd5 4. d4 Nf6 5. Nc3 Be6 6. Bg5 Nc6 7. Nf3 h6 8.
Bxf6 exf6 9. c5 g5 10. Bb5 Bg7 11. O-O O-O 12. Ne1 Ne7 13. Nc2 f5 14. f4 Ng6
15. Ne2 Bd7 16. Bd3 Qf6 17. fxg5 hxg5 18. Ne3 f4 19. Nxd5 Qe6 20. Bxg6 Qxd5 21.
Bh5 g4 22. Nxf4 Qxd4+ 23. Kh1 Bb5 24. Qxd4 Bxd4 25. Rfd1 Rad8 26. Bxg4 Ba4 27.
Rd3 Bxb2 28. Re1 Rde8 29. Rxe8 Rxe8 30. g3 Bc2 31. Rd7 Be4+ 32. Kg1 Bc6 33. Rd2
Bc3 34. Rd1 1-0

[Event "Championnat de France - Accession"]
[Site "Chartres"]
[Date "2005.??.??"]
[Round "1.13"]
[White "Cappon, John"]
[Black "Neiman, Emmanuel"]
[Result "0-1"]
[WhiteElo "2216"]
[BlackElo "2365"]
[PlyCount "82"]
[EventDate "2005.??.??"]

1. e4 e5 2. Nc3 Bc5 3. Bc4 d6 4. d3 Nc6 5. Na4 Nf6 6. Nxc5 dxc5 7. a3 O-O 8.
Bg5 Qd6 9. Ne2 h6 10. Bh4 Ne7 11. Nc3 a6 12. O-O Ng6 13. Bxf6 Qxf6 14. Nd5 Qd8
15. Qh5 b5 16. Ba2 Be6 17. g3 c6 18. Ne3 Bxa2 19. Rxa2 a5 20. Raa1 a4 21. Rad1
Qg5 22. Qxg5 hxg5 23. Nf5 Rfd8 24. f3 Rd7 25. Kf2 Nf8 26. Ke2 Ne6 27. c3 f6 28.
Rd2 Kf7 29. Rh1 Rad8 30. Rdd1 Rb8 31. Ne3 Rh8 32. h3 g6 33. Ng4 Nd8 34. Rdf1
Ne6 35. Rd1 Ke7 36. Ke3 b4 37. cxb4 cxb4 38. Rc1 c5 39. Rc4 Rb8 40. Rh2 bxa3
41. bxa3 Rb3 0-1

[Event "Championnat de France - Accession"]
[Site "Chartres"]
[Date "2005.??.??"]
[Round "1.14"]
[White "Terrieux, Kevin"]
[Black "Bodenez, Vincent"]
[Result "1/2-1/2"]
[WhiteElo "2365"]
[BlackElo "2214"]
[PlyCount "112"]
[EventDate "2005.??.??"]

1. d4 Nf6 2. c4 e6 3. Nc3 Bb4 4. Qc2 d5 5. a3 Bxc3+ 6. Qxc3 Ne4 7. Qc2 Nc6 8.
e3 e5 9. Nf3 Bf5 10. Qb3 Na5 11. Qa4+ c6 12. c5 exd4 13. exd4 O-O 14. Be3 b5
15. cxb6 axb6 16. Qd1 Qd6 17. Bd3 Bg4 18. Qc2 Bxf3 19. gxf3 Nf6 20. O-O Rac8
21. b4 Nc4 22. Bg5 h6 23. Bxf6 Qxf6 24. Bxc4 dxc4 25. Qxc4 Qxf3 26. Rfe1 Rfe8
27. Qf1 Qg4+ 28. Qg2 Qxd4 29. Rad1 Rxe1+ 30. Rxe1 Qd2 31. Re3 Qd1+ 32. Qf1
Qxf1+ 33. Kxf1 c5 34. bxc5 Rxc5 35. Rb3 Rc1+ 36. Kg2 Ra1 37. Rxb6 Rxa3 38. Rb7
g6 39. Rc7 Kg7 40. Rb7 h5 41. Rc7 g5 42. h3 Kg6 43. Rc8 g4 44. hxg4 hxg4 45.
Rb8 Kg5 46. Rg8+ Kf4 47. Rb8 f5 48. Rb4+ Kg5 49. Rb8 Ra6 50. Rb5 Rh6 51. f3
gxf3+ 52. Kxf3 Rh3+ 53. Kg2 Ra3 54. Rb4 Re3 55. Kf2 Rd3 56. Ra4 Rd2+ 1/2-1/2

[Event "Championnat de France - Accession"]
[Site "Chartres"]
[Date "2005.??.??"]
[Round "1.15"]
[White "Redon, Bruno"]
[Black "Onkoud, Abdelaziz"]
[Result "0-1"]
[WhiteElo "2214"]
[BlackElo "2361"]
[PlyCount "64"]
[EventDate "2005.??.??"]

1. d4 g6 2. c4 Bg7 3. e4 d6 4. Nc3 Nc6 5. d5 Ne5 6. f4 Nd7 7. Nf3 e6 8. dxe6
fxe6 9. Nd4 Qe7 10. Be2 c6 11. O-O Ngf6 12. e5 dxe5 13. fxe5 Nxe5 14. Bf4 Nf7
15. Nc2 O-O 16. Ne3 e5 17. Bg3 Be6 18. Qe1 Rad8 19. Rd1 Rd4 20. Qf2 Ne4 21.
Nxe4 Rxe4 22. Bd3 Ng5 23. Qe1 Rxf1+ 24. Kxf1 Rd4 25. Nc2 Rxd3 26. Rxd3 Bxc4 27.
Qc3 Qf7+ 28. Ke1 Bxd3 29. Qxd3 Qd5 30. Qe3 Ne4 31. Bh4 Bf8 32. b4 Qc4 0-1

[Event "Championnat de France - Accession"]
[Site "Chartres"]
[Date "2005.??.??"]
[Round "1.16"]
[White "Boudre, Jean-Pierre"]
[Black "Dubreuil, Julien"]
[Result "1-0"]
[WhiteElo "2359"]
[BlackElo "2210"]
[PlyCount "89"]
[EventDate "2005.??.??"]

1. e4 e5 2. Nf3 Nc6 3. Bb5 Bc5 4. O-O Qf6 5. c3 Nge7 6. d4 exd4 7. Bg5 Qg6 8.
Bxe7 Nxe7 9. cxd4 Bb6 10. Nc3 O-O 11. Re1 d6 12. Qd3 a6 13. Bc4 Be6 14. Rad1
Rad8 15. Bb3 Bxb3 16. axb3 d5 17. Ne5 Qh6 18. exd5 Nxd5 19. Qf3 c6 20. Na4 Ba5
21. Re4 Bc7 22. g3 f5 23. Ree1 f4 24. g4 Ba5 25. Re4 Nf6 26. Re2 Bc7 27. Nc5
Bxe5 28. Rxe5 Nd7 29. Re6 Rf6 30. Rxf6 Nxf6 31. Nxb7 Rd5 32. Nc5 Nxg4 33. h3
Nf6 34. Ne6 Qg6+ 35. Kf1 Qc2 36. Re1 Qxb2 37. Qd3 a5 38. Qc4 h6 39. Nxf4 Qd2
40. Nxd5 cxd5 41. Qc8+ Kh7 42. Qf5+ Kg8 43. Re7 Qc3 44. Qg6 Qxh3+ 45. Kg1 1-0

[Event "Championnat de France - Accession"]
[Site "Chartres"]
[Date "2005.??.??"]
[Round "1.17"]
[White "Giua, Frederic"]
[Black "Dourerassou, Jonathan"]
[Result "0-1"]
[WhiteElo "2209"]
[BlackElo "2358"]
[PlyCount "52"]
[EventDate "2005.??.??"]

1. Nf3 Nf6 2. c4 c5 3. g3 d5 4. cxd5 Nxd5 5. Bg2 Nc6 6. Nc3 Nc7 7. O-O e5 8. d3
Be7 9. a3 O-O 10. Bd2 Rb8 11. Rb1 f6 12. Ne4 a5 13. Qc2 b6 14. Rfc1 Nd5 15. Nc3
Be6 16. Nb5 Rc8 17. Qa4 Qd7 18. Nc3 Rfe8 19. Be1 Bf8 20. Nd2 Nde7 21. Nc4 Rb8
22. Rd1 Bh3 23. e3 Bxg2 24. Kxg2 Qb7 25. Nb5 Nd4+ 26. e4 Qc6 0-1

[Event "Championnat de France - Accession"]
[Site "Chartres"]
[Date "2005.??.??"]
[Round "1.18"]
[White "Bolding, Klaus"]
[Black "Vasilescu, Victor"]
[Result "1-0"]
[WhiteElo "2340"]
[BlackElo "2208"]
[PlyCount "60"]
[EventDate "2005.??.??"]

1. e4 c5 2. Nf3 e6 3. d4 cxd4 4. Nxd4 Nc6 5. Nc3 a6 6. Nxc6 bxc6 7. Bd3 d5 8.
O-O Nf6 9. Qe2 Be7 10. Kh1 Qc7 11. Bd2 Bb7 12. Rae1 dxe4 13. Nxe4 Nxe4 14. Bxe4
Bf6 15. Qh5 g6 16. Qc5 Be7 17. Qc3 O-O-O 18. Bf3 c5 19. Bxb7+ Qxb7 20. b4 Qd5
21. Be3 Qc6 22. bxc5 Rhg8 23. Rb1 Rd5 24. Rb6 Qa4 25. Rb4 Qc6 26. Qb2 Rf8 27.
Rb8+ Kd7 28. Rb6 Qa4 29. c6+ Kc7 30. Rb7+ Kd6 1-0

[Event "Championnat de France - Accession"]
[Site "Chartres"]
[Date "2005.??.??"]
[Round "1.19"]
[White "Fantin, Ludwig"]
[Black "Bijaoui, Manuel"]
[Result "1/2-1/2"]
[WhiteElo "2204"]
[BlackElo "2338"]
[PlyCount "82"]
[EventDate "2005.??.??"]

1. e4 c5 2. c3 d5 3. exd5 Qxd5 4. d4 Nc6 5. Nf3 Nf6 6. Be3 Bg4 7. dxc5 Qxd1+ 8.
Kxd1 e5 9. Kc1 e4 10. Nfd2 O-O-O 11. b4 Ne5 12. h3 Bh5 13. g4 Bg6 14. Nc4 Nd3+
15. Kc2 h5 16. g5 Nd5 17. Nbd2 f5 18. gxf6 gxf6 19. a3 Nxf2 20. Bxf2 e3+ 21.
Kb3 exf2 22. Rh2 b5 23. cxb6 axb6 24. a4 Bh6 25. Rxf2 Rhe8 26. Bg2 Bf7 27. Bxd5
Bxd5 28. Kc2 Kc7 29. a5 b5 30. Nb6 Bg8 31. Nb3 Re3 32. Nd4 Rxh3 33. Nxb5+ Kb7
34. Nd4 Re8 35. Na4 Be3 36. Nc5+ Kc8 37. Rg2 Bd5 38. Re2 Bc4 39. Rg2 Bd5 40.
Re2 Bc4 41. Rg2 Bd5 1/2-1/2

[Event "Championnat de France - Accession"]
[Site "Chartres"]
[Date "2005.??.??"]
[Round "1.20"]
[White "Roos, Louis"]
[Black "Jolly, Jean-Francois"]
[Result "1-0"]
[WhiteElo "2334"]
[BlackElo "2203"]
[PlyCount "129"]
[EventDate "2005.??.??"]

1. c4 Nf6 2. Nc3 e6 3. Nf3 d5 4. d4 Bb4 5. cxd5 Nxd5 6. Bd2 O-O 7. e4 Nxc3 8.
bxc3 Be7 9. Bd3 b6 10. Qe2 Bb7 11. O-O c5 12. Rfd1 Nc6 13. Be3 cxd4 14. cxd4
Nb4 15. Bb1 Rc8 16. a3 Nc6 17. d5 exd5 18. exd5 Na5 19. d6 Bf6 20. Ra2 Qd7 21.
Ng5 g6 22. Be4 Bg7 23. Bxb7 Nxb7 24. Rad2 Rfe8 25. Qf3 Rcd8 26. Qd5 Re5 27. Qc4
Nc5 28. Bxc5 Rxg5 29. Be3 Re5 30. h3 Rc8 31. Qg4 Re6 32. Bf4 h5 33. Qf3 Be5 34.
Bxe5 Rxe5 35. Re2 Rxe2 36. Qxe2 Rd8 37. Qe5 Qe8 38. Qd4 Rd7 39. Rd3 Qd8 40. Qe5
Kh7 41. g4 Qh8 42. Qf4 Qa1+ 43. Kh2 Qf1 44. Qe3 hxg4 45. hxg4 f6 46. Qd2 Kg8
47. Qa2+ Kf8 48. Rh3 Kg7 49. Qc2 Qb5 50. Qd2 Qg5 51. f4 Qxg4 52. Qe3 Qd1 53.
Qe8 Qd2+ 54. Kg1 Qxd6 55. Qh8+ Kf7 56. Qh7+ Kf8 57. Qh8+ Kf7 58. Qh7+ Ke6 59.
Re3+ Kf5 60. Qh3+ Kxf4 61. Rf3+ Kg5 62. Rg3+ Kf4 63. Rg4+ Ke5 64. Qe3+ Kd5 65.
Qe4+ 1-0

[Event "Championnat de France - Open A"]
[Site "Chartres"]
[Date "2005.??.??"]
[Round "1.1"]
[White "Lechifflart, Alain"]
[Black "Mourot, Felix"]
[Result "0-1"]
[WhiteElo "2050"]
[BlackElo "2198"]
[PlyCount "42"]
[EventDate "2005.??.??"]

1. f4 Nf6 2. Nf3 g6 3. g3 Bg7 4. Bg2 O-O 5. O-O d6 6. d3 c6 7. Nc3 Nbd7 8. Kh1
Qb6 9. e4 Re8 10. Rb1 Ng4 11. d4 e5 12. Na4 Qa5 13. c3 b5 14. Nh4 Qxa4 15. Qxg4
exd4 16. e5 Nxe5 17. Qe2 Bg4 18. Qe4 d5 19. Qxd4 Nc4 20. Qf2 Qxa2 21. Qc2 Na3
0-1

[Event "Championnat de France - Open A"]
[Site "Chartres"]
[Date "2005.??.??"]
[Round "1.2"]
[White "Garbarino, Xavier"]
[Black "Mimiette, Mickael"]
[Result "1-0"]
[WhiteElo "2191"]
[BlackElo "2050"]
[PlyCount "103"]
[EventDate "2005.??.??"]

1. d4 Nf6 2. Nf3 e6 3. Bg5 c5 4. e3 cxd4 5. exd4 Nc6 6. Nbd2 Be7 7. c3 b6 8.
Bd3 Bb7 9. O-O Nd5 10. c4 Ndb4 11. Bxe7 Nxe7 12. Be2 O-O 13. a3 Nbc6 14. b4 Ng6
15. Re1 Rc8 16. Rc1 Nce7 17. Bf1 f5 18. Ne5 f4 19. Ndf3 Nf5 20. Bd3 Ngh4 21.
Be4 Nxf3+ 22. Bxf3 Bxf3 23. Nxf3 Qf6 24. Qd3 Rc7 25. c5 Rfc8 26. Rcd1 Ne7 27.
Ne5 Nd5 28. Nc4 Rf8 29. Qf3 g5 30. Nd6 Qg6 31. h3 h5 32. Re5 g4 33. Qe4 Qh6 34.
Nf5 Rxf5 35. Rxf5 exf5 36. Qxd5+ Qe6 37. Qa8+ Kg7 38. Qd8 Rb7 39. Qg5+ Qg6 40.
Qe7+ Qf7 41. Qe5+ Kg6 42. Qxf4 Qd5 43. h4 bxc5 44. Qg5+ Kh7 45. Qxh5+ Kg7 46.
Qg5+ Kh7 47. Qe7+ Kg6 48. Qxc5 Qe6 49. Qe5 Qc6 50. Qe8+ Kf6 51. Re1 Qd6 52.
Qh8+ 1-0

[Event "Championnat de France - Open A"]
[Site "Chartres"]
[Date "2005.??.??"]
[Round "1.3"]
[White "Martin, Claude"]
[Black "Rabineau, Clement"]
[Result "0-1"]
[WhiteElo "2048"]
[BlackElo "2179"]
[PlyCount "92"]
[EventDate "2005.??.??"]

1. e4 c5 2. Nf3 e6 3. d4 cxd4 4. Nxd4 a6 5. Nc3 b5 6. a3 Bb7 7. Bd3 Qc7 8. Qe2
d6 9. f4 Nd7 10. O-O Ngf6 11. Be3 Be7 12. Nb3 O-O 13. g4 Nc5 14. Nxc5 dxc5 15.
b3 c4 16. bxc4 bxc4 17. Bxc4 Rac8 18. g5 Ne8 19. Bb3 Qxc3 20. f5 exf5 21. exf5
Bc5 22. Rae1 Nc7 23. g6 Bd5 24. f6 hxg6 25. fxg7 Bxe3+ 26. Qxe3 Qxe3+ 27. Rxe3
Kxg7 28. Re7 Bxb3 29. cxb3 Ne6 30. b4 Rc7 31. Rxc7 Nxc7 32. Rc1 Nb5 33. a4 Nd4
34. Rc4 Ne6 35. Rc6 Rb8 36. Rc4 Kf6 37. Kf2 Ke5 38. Ke3 f5 39. Rc6 f4+ 40. Kf2
Rxb4 41. Rxa6 Rb2+ 42. Kg1 f3 43. h4 Nf4 44. Ra8 Nh3+ 45. Kh1 Rb1+ 46. Kh2 f2
0-1

[Event "Championnat de France - Open A"]
[Site "Chartres"]
[Date "2005.??.??"]
[Round "1.4"]
[White "Laval, Brice"]
[Black "Ryan, Martin"]
[Result "1-0"]
[WhiteElo "2178"]
[BlackElo "2046"]
[PlyCount "43"]
[EventDate "2005.??.??"]

1. e4 c5 2. Nf3 d6 3. Nc3 e5 4. Bc4 Be7 5. d3 Nf6 6. h3 Nc6 7. Ng5 O-O 8. f4
exf4 9. Bxf4 Nd4 10. O-O h6 11. Nf3 Ne6 12. Be3 Nd7 13. Nd5 Ne5 14. Nxe5 dxe5
15. Qe1 Nd4 16. Qf2 Bh4 17. Qd2 b6 18. c3 Ne6 19. Rf5 Ng5 20. Rxe5 Qd6 21. Bf4
Kh8 22. Re8 1-0

[Event "Championnat de France - Open A"]
[Site "Chartres"]
[Date "2005.??.??"]
[Round "1.5"]
[White "Vaillant, Stephane"]
[Black "Pietrasanta, Jeremy"]
[Result "0-1"]
[WhiteElo "2045"]
[BlackElo "2178"]
[PlyCount "96"]
[EventDate "2005.??.??"]

1. d4 Nf6 2. Nf3 e6 3. c4 Bb4+ 4. Bd2 Bxd2+ 5. Qxd2 d6 6. Nc3 Nbd7 7. e4 e5 8.
Be2 O-O 9. O-O Re8 10. d5 Nf8 11. b4 Ng6 12. g3 Rf8 13. c5 Ne8 14. Rfd1 Ne7 15.
Rac1 h6 16. cxd6 cxd6 17. a4 f5 18. Nh4 f4 19. a5 g5 20. Nf3 Ng6 21. Ne1 g4 22.
f3 Nf6 23. Ng2 gxf3 24. Bxf3 Nh7 25. Rf1 Ng5 26. Bh5 Qf6 27. Bxg6 Qxg6 28. gxf4
exf4 29. Kh1 f3 30. Ne1 Bg4 31. Nd3 Bh3 32. Rg1 Bg2+ 33. Rxg2 fxg2+ 34. Qxg2
Kh7 35. Qe2 Rae8 36. Nf2 Rg8 37. Rg1 Qf6 38. Rg3 Rc8 39. Ncd1 Rce8 40. Ne3 Re7
41. Nfg4 Qf4 42. Qd3 Rg6 43. e5 dxe5 44. d6 Rd7 45. Nd5 Qe4+ 46. Qxe4 Nxe4 47.
Nxe5 Nxg3+ 48. hxg3 Rgxd6 0-1

[Event "Championnat de France - Open A"]
[Site "Chartres"]
[Date "2005.??.??"]
[Round "1.6"]
[White "Gidel, Jean-Louis"]
[Black "Ricroque, Jean-Pierre"]
[Result "0-1"]
[WhiteElo "2176"]
[BlackElo "2043"]
[PlyCount "116"]
[EventDate "2005.??.??"]

1. c4 Nf6 2. g3 e6 3. Bg2 d5 4. Nf3 Be7 5. b3 O-O 6. Bb2 Nbd7 7. O-O a5 8. d3
c6 9. Nbd2 b5 10. a3 Rb8 11. Rc1 bxc4 12. dxc4 Qb6 13. Rc2 Rd8 14. Qa1 dxc4 15.
bxc4 c5 16. Rb1 Qc7 17. Bc3 Rxb1+ 18. Qxb1 Bb7 19. Rb2 Bc6 20. e4 Ng4 21. h3
Bf6 22. Bxf6 Ngxf6 23. Qc2 Ne5 24. Ne1 {#} 24... Rxd2 25. Qxd2 Nxc4 26. Qc3
Nxb2 27. Qxb2 Bxe4 28. Bf1 c4 29. Bxc4 Bb7 30. Bf1 h6 31. Qd2 Ne4 32. Qe3 Nd6
33. Qe5 Bc6 34. Nc2 Bd5 35. Ne3 Qc5 36. a4 Qc6 37. Kh2 f6 38. Qb2 Nc4 39. Nxc4
Bxc4 40. Qc3 Bb5 41. Qxc6 Bxc6 42. Bc4 Kf7 43. Bb3 Bd5 44. Bc2 Ke7 45. f4 Kd6
46. g4 e5 47. Kg3 e4 48. h4 Kc5 49. g5 e3 50. Bd1 Kd4 51. Kg4 Bb3 52. Be2 Bc4
53. Bf3 e2 54. Bxe2 Bxe2+ 55. Kf5 Bd3+ 56. Ke6 fxg5 57. fxg5 hxg5 58. hxg5 g6
0-1

[Event "Championnat de France - Open A"]
[Site "Chartres"]
[Date "2005.??.??"]
[Round "1.7"]
[White "Cartigny, Patrick"]
[Black "Couttet, Jean-Marie"]
[Result "0-1"]
[WhiteElo "2042"]
[BlackElo "2170"]
[PlyCount "42"]
[EventDate "2005.??.??"]

1. e4 e6 2. d4 d5 3. exd5 exd5 4. Nf3 Nf6 5. Bd3 c5 6. c3 Be7 7. dxc5 Bxc5 8.
O-O O-O 9. Nbd2 Nc6 10. Nb3 Bb6 11. Bg5 Bg4 12. Re1 Bc7 13. h3 Bh5 14. g4 Bg6
15. Nbd4 Nxd4 16. cxd4 Qd6 17. Ne5 Ne4 18. Bf4 Qf6 19. Bxe4 Qxf4 20. Bxd5 Rad8
21. Qf3 Qxd4 0-1

[Event "Championnat de France - Open A"]
[Site "Chartres"]
[Date "2005.??.??"]
[Round "1.8"]
[White "Derieux, Christian"]
[Black "Curto, Nicolas"]
[Result "1-0"]
[WhiteElo "2170"]
[BlackElo "2042"]
[PlyCount "53"]
[EventDate "2005.??.??"]

1. d4 d5 2. c4 c6 3. Nf3 Nf6 4. Nc3 a6 5. a4 e6 6. g3 Nbd7 7. Bg2 Bb4 8. Qb3
Qe7 9. O-O O-O 10. Bf4 Nh5 11. Be3 Nhf6 12. Bf4 Nh5 13. Bg5 f6 14. Bd2 Bd6 15.
cxd5 cxd5 16. Nxd5 exd5 17. Qxd5+ Kh8 18. Qxh5 g6 19. Qd5 Nb8 20. Rfe1 Be6 21.
Qe4 Qd7 22. Qd3 Bf7 23. e4 Nc6 24. Bc3 Rac8 25. d5 Bc7 26. Qd2 Nd8 27. Rad1 1-0